1740 1987 1993 1921 1070 1218 1862 1472 1108 1687 1845 1855 1863 1914 1405 1027 1228 1501 1014 1407 1810 1995 1486 1566 1667 1651 1520 1649 1948 1134 1979 1496 1177 1427 1419 1276 1460 1899 1737 1540 1718 1917 1697 1620 1127 1998 1917 1312 1491 1285 1575 1138 1833 1981 1502 1974 1713 1457 1455 1054 1831 1688 1545 1841 1741 1947 1688 1350 1121 1089 1853 1843 1954 1975 1375 1991 1079 1953 1679 1662 1919 1736 1692 1126 1417 1436 1278 1835 1578 1640 1837 1159 1309 1541 1905 1409 1811 1429 1230 BCNSPRNW ULIB Ver.6.0+V

เปลี่ยนเป็นภาษาไทย

Change to English
 แสดงรายละเอียดบรรณานุกรม
  กลับหน้าหลัก

Brief Record : Get Marc (ISO 2709) : E-mail record : QR code < ปิดหน้าต่าง
LEADER : 00000nam 2200000uu 4500
001    13399113346
003     ULIB
008    111107s2545||||th 000 0 tha d
020    9745865796
060  4 QY450^bพ157ก 2545
100 0  พงษ์ธารา วิจิตรเวชไพศาล
245 10 การวิเคราะห์ก๊าซในเลือด & interactive multimedia CD-ROM /^cพงษ์ธารา วิจิตรเวชไพศาล
250    พิมพ์ครั้งที่ 3
260    กรุงเทพฯ :^bงานตำราวารสารและสิ่งพิมพ์สถานเทคโนโลยีการศึกษาแพทยศาสตร์ คณะแพทยศาสตร์ศิริราชพยาบาลมหาวิทยาลัยมหิดล,^c2545
300    xix, 351 หน้า :^bภาพประกอบ ;^c22 ซม. +^eซีดี- รอม 1 แผ่น
440  0 งานตำราวารสารและสิ่งพิมพ์ ;^vรายการที่ 13 (1-2545)
650  7 ก๊าซในเลือด, การวิเคราะห์
653    ผลงานอาจารย์คณะแพทยศาสตร์ศิริราชพยาบาล
710 2  มหาวิทยาลัยมหิดล. ^bคณะแพทยศาสตร์ศิริราชพยาบาล.^bภาควิชาวิสัญญีวิทยา
710 2  มหาวิทยาลัยมหิดล. ^bคณะแพทยศาสตร์ศิริราชพยาบาล.^bสถานเทคโนโลยีการศึกษาแพทยศาสตร์
945    ^p320^l0^i12974
945    ^p320^l0^i12975
945    ^p320^l0^i12977
995    กัณชพร
999    ^aใช้งานได้ทุกระบบ
รายการนี้ยังไม่มีแท็ก
คุณยังไม่ได้ล็อกอิน คุณสามารถมีกิจกรรมร่วมกับเว็บไซต์ได้ แต่ต้องล็อกอินก่อน ::
  ล็อกอิน

รายการสื่อสารสนเทศ

ลำดับที่ ประเภท เลขเรียก/บาร์โค้ด สถานที่ สถานะ
- ไม่พบข้อมูล -

รายการใกล้เคียง
    ผู้แต่ง [พงษ์ธารา วิจิตรเวชไพศาล]

    หัวเรื่อง [ก๊าซในเลือด, การวิเคราะห์]

BibComment


ยังไม่เคยถูกคอมเมนท์

คอมเมนท์ทรัพยากรรายการนี้
  คอมเมนท์: การวิเคราะห์ก๊าซใ..


 Copyright 2026. Bcnsprnw @Library